000 00491nam a2200181Ia 4500
008 100920s9999 xx 000 0 und d
082 _b52789
_a28 व 7 0
100 _aSingh Inak.
245 _aThe Story of Guru Nanak.
260 _b---
_c0
300 _a64
_bसाधी
365 _b26
520 _aबा.वि.स्टोरी.
630 _aThe Story of Guru Nanak.
650 _aबा.वि.स्टोरी.
730 _aThe Story of Guru Nanak.
942 _cBOOK
999 _c698060
_d698057